| 000 | 01042cab a22002295a 4500 | ||
|---|---|---|---|
| 001 | L158970 | ||
| 008 | 151109e20151027xxk 000 0 eng d | ||
| 035 | _a(Sirsi) u158970 | ||
| 041 | 0 | _aeng | |
| 100 | 1 | _aClensham, Laura | |
| 245 | 0 | 0 | _aFirst 100 years: A celebration of women in law |
| 260 | _c2015 | ||
| 490 |
_aSolicitors' Journal _v159 (40) 27 October 2015, 18-21(3) |
||
| 520 | _aAs the Law Soicety launches its First 100 Years initiatve to celebrate the 100 years anniversary of women being allowed to practice as solicitors this article traces the history of women in the legal profession. Looks at changing attitudes towards the role of women in the profession. The Law Society is hoping to build up a digital archive of feedback from female solicitors on their experiences which will be donated to British Library in 2019. | ||
| 590 | _aKA | ||
| 650 | 2 | 4 | _aSOLICITORS |
| 650 | 2 | 4 | _aWOMEN |
| 650 | 2 | 4 | _aPROFESSIONS |
| 650 | _aSEX DISQUALIFICATION (REMOVAL) ACT 1919 | ||
| 690 | _aBusiness and management | ||
| 942 | _n0 | ||
| 999 |
_c84751 _d84751 |
||